Un paradigma ético-científico para la investigación en individuos humanos en Costa Rica: contribución al proyecto de Ley N°1777 / /

El articulo se centra en la discusión y propuesta de un enfoque ético-científico para la investigación en seres humanos en Costa Rica, en el contexto del proyecto de Ley N°1777. El artículo aborda la importancia de establecer un marco ético sólido que guíe la investigación en individuos humanos, gar...

Täydet tiedot

Tallennettuna:
Bibliografiset tiedot
Päätekijä: Fallas Santana, Agustín
Muut tekijät: Fallas López, Luis, Abarca Garro, Alejandro
Aineistotyyppi: Tuntematon
Kieli:Spanish
Sarja:Colección Lucem Aspicio n°1
Aiheet:
Tagit: Lisää tagi
Ei tageja, Lisää ensimmäinen tagi!

MARC

LEADER 00000 a2200000 04500
001 48233
003 cru CIDCAS/ IIS
005 20230906151914.0
008 050704s2012 cr spa d
040 |c cru CIDCAS/ IIS 
090 |a 15.04.06 F195p  
100 |a Fallas Santana, Agustín  
245 |a Un paradigma ético-científico para la investigación en individuos humanos en Costa Rica:   |b contribución al proyecto de Ley N°1777 / /  |c Agustín Fallas Santana, coordinador ; Luis Fallas López, Alejandro Abarca Garro  
300 |a 29 páginas  
440 |a Colección Lucem Aspicio   |v n°1  
520 |a El articulo se centra en la discusión y propuesta de un enfoque ético-científico para la investigación en seres humanos en Costa Rica, en el contexto del proyecto de Ley N°1777. El artículo aborda la importancia de establecer un marco ético sólido que guíe la investigación en individuos humanos, garantizando su dignidad, derechos y bienestar. Se analiza la necesidad de una regulación legal que defina los límites y condiciones para la investigación en este ámbito, considerando aspectos como el consentimiento informado, la protección de datos personales y la evaluación ética de los protocolos de investigación. El enfoque ético-científico propuesto busca asegurar que la investigación se realice de manera responsable y respetuosa, priorizando la integridad de los sujetos de estudio y el avance del conocimiento en beneficio de la sociedad.RAR 
650 0 |2 OCDE  |9 7953  |a INVESTIGACION CIENTIFICA 
650 0 |2 OCDE  |9 38  |a DERECHOS HUMANOS 
700 |a Fallas López, Luis  
700 |a Abarca Garro, Alejandro  
942 |2 ddc  |c LI  |h 15.04.06 F195p   |i 16032  |6 150406_F195P_16032 
999 |c 4894  |d 4894